000 00844nam a22002777a 4500
001 5662
003 FISKH
005 20250109154543.0
008 250109b cb ||||| |||| 00| 0 eng d
020 _a9780545003964
040 _aFISKH
_beng
_cFISKH
_dFISKH
050 _aPZ7
082 _a636.0887
100 _aBerger, Melvin
245 _aPets /
260 _aNew York :
_bScholastic,
_c2009.
300 _a46 pages :
_bcolor illustrations ;
_c23 cm
505 _aP
520 _aAsks readers a true or false question about the physical characteristics or behavior of pets that the reader can find the answer to by turning the page.
521 8 _a650
_bLexile AD
521 8 _aP
_bRaz-Plus
650 _aAnimals
_vTrue or False
700 _aBerger, Gilda
_eIllustrator
942 _2ddc
_cBK
_n0
999 _c5662
_d5662